000 00507nam a2200181 a 4500
003 AM-YEHGA
005 20251008112059.0
008 230831s1966 le |||||||||||||||0|arm|d
040 _aAM-YEHGA
041 0 _aarm
245 0 0 _aԿրօն :
_bԵ դասարան.
260 _aՊէյրութ :
_bՀրատ. Սահակեան Լիսէի,
_c1966.
300 _a27 էջ
500 _aՀրատ. Սահակեան Լիսէի
650 _aԿրոն
_vԴասագրքեր
_94853
942 _2udc
_cBK
001 1917960
999 _c528351
_d528351